Opus cinématographiques 03 - X-Men - Statistiques

Statistiques générales
  • Ce quiz a été pris 422 fois
  • Le résultat moyen est 11 sur 14
Statistiques - réponses
Date de sortie Titre % Correct
2000 X-Men
95%
2003 X-Men 2
92%
2009 X-Men Origins - Wolverine
92%
2014 X-Men - Days of Future Past
89%
2013 Wolverine - Le Combat de l'Immortel
85%
2019 X-Men - Dark Phoenix
85%
2016 X-Men - Apocalypse
84%
2017 Logan
83%
2011 X-Men - Le Commencement
80%
2006 X-Men - L'Affrontement Final
72%
2016 Deadpool
71%
2018 Deadpool 2
70%
2020 Les Nouveaux Mutants
61%
1996 Generation X
6%
Aucun quiz correspondant
Distribution des résultats
% des personnes avec chaque résultat
Percentile par nombre de réponses
Votre historique - résultats
Vous n’avez pas pris ce quiz